ENTERPRISE DEVELOPMENT IN MOUNTAIN AREAS (Record no. 14849)

MARC details
000 -LEADER
fixed length control field 00354nam a2200133Ia 4500
008 - FIXED-LENGTH DATA ELEMENTS--GENERAL INFORMATION
fixed length control field 240624s9999 xx 000 0 und d
041 ## - LANGUAGE CODE
Language code of text/sound track or separate title eng
082 ## - DEWEY DECIMAL CLASSIFICATION NUMBER
Classification number 658.421 PAP
100 ## - MAIN ENTRY--PERSONAL NAME
Personal name PAPOLA T S
245 ## - TITLE STATEMENT
Title ENTERPRISE DEVELOPMENT IN MOUNTAIN AREAS
260 ## - PUBLICATION, DISTRIBUTION, ETC.
Date of publication, distribution, etc. 2004
Place of publication, distribution, etc. Mumbai
Name of publisher, distributor, etc. Himalaya Books Pvt. Ltd.
300 ## - PHYSICAL DESCRIPTION
Extent 168 : p. : cm. ; 22
365 ## - TRADE PRICE
Currency code RS
Price amount 25
Holdings
Withdrawn status Lost status Damaged status Not for loan Home library Current library Shelving location Date acquired Source of acquisition Cost, normal purchase price Full call number Barcode Date last seen Copy number Price effective from Koha item type
        IMTN IMTN Rack 32-A 03/30/2010 HPHPL 550.00 658.421 PAP 14849 06/24/2024 1 06/24/2024 Books
Designed & Maintained by: LRC IMT Nagpur Contact: lrc@imtnag.ac.in© 2024. All Rights Reserved.